00393nam a2200121Ia 4500008004100000245009100041260002400132260000900156300000700165650002300172650001200195856006400207170516s9999 xx 000 0 und d aCardiomyotic induction and proliferation of dental stem cells on electrospun scaffolds bAIMS Bioengineering c2016 a:2 xMedical Technology xMedtech uhttp://www.aimspress.com/journal/Bioengineering/2016/2.html